| 000 | 00433cam a2200181ua 4500 | ||
|---|---|---|---|
| 020 | _c35.00 | ||
| 041 |
_aeng _h |
||
| 082 |
_a629.2 _bHAR/AU |
||
| 100 | _aHarbans Singh, Reyat . | ||
| 245 |
_aAutomobile / _cHarbans Singh Reyat. _hTextual Documents |
||
| 250 |
_a3 / _b. |
||
| 260 |
_aNew Delhi : _bS.Chand and Co , _c1985. |
||
| 300 | _a512 ; . | ||
| 365 | _a35.00 | ||
| 504 | _a | ||
| 942 | _cBK | ||
| 999 |
_c9750 _d9750 |
||